| 000 | 00552nam a2200193 a 4500 | ||
|---|---|---|---|
| 001 | 9308 | ||
| 003 | CO-ViMGA | ||
| 008 | 141112s2004 ck r 000 u spa d | ||
| 040 |
_aCO-ViMGA _bspa _cCO-ViMGA |
||
| 082 | 0 | 4 | _a657.42 F835 |
| 100 | 1 |
_aFranquesa Graner ; Luis, _910049 |
|
| 245 | 1 | 0 | _aDe la contabilidad de costos el "Tablear de Bond". |
| 260 |
_aBarcelona : _bMarcombo, _c1991 |
||
| 300 | _a122p. : il | ||
| 650 | 1 | 4 |
_aCLASIFICACION DE GASTOS _910050 |
| 650 | 1 | 4 |
_aCONTROL PRESUPUESTARIO _910051 |
| 650 | 1 | 4 |
_aCUENTAS _910052 |
| 942 |
_2ddc _cBK |
||
| 999 |
_c20841 _d20841 |
||